000 00577nam a2200181Ia 4500
005 20250423101656.0
008 250422s9999 xx 000 0 und d
020 _a9781118731758
050 _aTD 899.P4 .B43/
100 _aBahadori, Alireza
245 0 _aWaste management in the chemical and petroleum industries
260 _aWest Sussex
260 _bJohn Wiley and Sons Ltd.
260 _c2014
300 _a325 p
650 _a Petroleum industry and trade--Waste disposal. Chemical industry--Waste disposal. Petroleum refineries--Waste disposal.
942 _cBK
999 _c36947
_d36947